Statistics for Presidents With No Counties Named For Them

Click here to take the quiz!

General Stats

  • This quiz has been taken 35 times
  • The average score is 9 of 10

Answer Stats

President % Correct
Donald Trump
100%
George H.W. Bush
97%
George W. Bush
97%
Barack Obama
94%
Richard Nixon
90%
Dwight D. Eisenhower
84%
Harry Truman
84%
Calvin Coolidge
77%
Herbert Hoover
77%
William Taft
65%

Score Distribution

Percentile by Number Answered

Percent of People with Each Score

Your Score History

You have not taken this quiz